| 000 | 00000nam 2200000zi 4500 |
| 001 | 9.867749 |
| 003 | CaOODSP |
| 005 | 20221107162409 |
| 006 | m o d f |
| 007 | cr ||||||||||| |
| 008 | 190130s2019 onc #o f|0| 0 eng d |
| 040 | |aCaOODSP|beng|erda|cCaOODSP |
| 043 | |an-cn--- |
| 086 | 1 |aXC61-1/1-421-16E-PDF |
| 110 | 1 |aCanada. |bParliament. |bHouse of Commons. |bStanding Committee on Canadian Heritage. |
| 245 | 10|aGender parity in Canadian artistic and cultural organizations / |cJulie Dabrusin, chair. |
| 264 | 1|a[Ottawa, Ontario] : |bHouse of Commons, |c2019. |
| 264 | 4|c©2019 |
| 300 | |a1 online resource ( viii, 29 pages) |
| 336 | |atext|btxt|2rdacontent |
| 337 | |acomputer|bc|2rdamedia |
| 338 | |aonline resource|bcr|2rdacarrier |
| 490 | 1 |aReport of the Standing Committee on Canadian Heritage ; |vSixteenth report, 42nd Parliament, 1st session |
| 500 | |aIssued also in French under title: La parité homes-femmes dans les organismes artistiques et culturels canadiens. |
| 500 | |a"January 2019." |
| 500 | |aOriginal published on: 2019/01/29; published on: 2019/05/07. |
| 504 | |aIncludes bibliographic references. |
| 520 | |a"Given the lack of data on gender parity in Canadian artistic and cultural organizations, the Committee invited witnesses to share their experiences and observations about their workplaces. In some cases, data about certain disciplines were presented"--p. 4. |
| 692 | 07|2gccst|aCultural institutions |
| 692 | 07|2gccst|aGender equality |
| 700 | 1 |aDabrusin, Julie, |eauthor. |
| 775 | 08|tLa parité hommes-femmes dans les organismes artistiques et culturels canadiens / |w(CaOODSP)9.867751 |
| 830 | #0|aReport of the Standing Committee on Canadian Heritage ;|vSixteenth report, 42nd Parliament, 1st session.|w(CaOODSP)9.507214 |
| 856 | 40|qPDF|s4.73 MB|uhttps://publications.gc.ca/collections/collection_2019/parl/xc61-1/XC61-1-1-421-16-eng.pdf |